| 000 | 00603nam a2200157 a 4500 | ||
|---|---|---|---|
| 005 | 20140414131958.0 | ||
| 008 | 110209s19uu xx 00 eng d | ||
| 050 |
_aTR 736.9 _bF87 2005 |
||
| 100 | _aFreymann, Saxton. | ||
| 245 |
_aFood for thought : _bthe complete book of concepts for growing minds / _cwritten and illustrated by Saxton Freymann. |
||
| 250 | _a1st ed. | ||
| 260 |
_aNew York : _bArthur A. Levine Books, _c2005. |
||
| 520 | _aPresents fruits and vegetables carved into shapes to teach colors, numbers, letters, shapes, and opposites. | ||
| 650 | _aVegetable carving. | ||
| 999 |
_c112994 _d112994 |
||